| 000 | 01886nam0a22002651 4500 | ||
|---|---|---|---|
| 001 | v19\rc\2096747 | ||
| 005 | 20260407122211.0 | ||
| 035 | _a(NLR Aleph) 005166853 | ||
| 090 |
_a5034739 _c5034739 |
||
| 100 | _a20081218d1915 |||y0rusy50 ca | ||
| 101 | 0 | _arus | |
| 102 | _aRU | ||
| 105 | _ay c ||||| | ||
| 200 | 1 |
_aУстав гражданского судопроизводства. Судебные уставы _eСв. зак., т. XVI, ч. 1, изд. 1892 г., по прод. 1912 с позднейшими узаконениями по 1 ноября 1914 г. _eС прил. закона 15 июня 1912 г. для местностей, в коих закон о преобразовании местного суда введен в полном объеме _eС алф. указателем, сост. М.В. Беренштамом и В.Н. Новиковым |
|
| 205 | _a4-е изд., неофиц. | ||
| 210 |
_aПетроград _d1915 |
||
| 215 |
_aCXI, III, 601 с. _d15 |
||
| 464 | 0 |
_12001#$aЗакон 15 июня 1912 года для местностей, в коих закон о преобразовании местного суда введен в полном объеме _tЗакон 15 июня 1912 года для местностей, в коих закон о преобразовании местного суда введен в полном объеме |
|
| 464 | 0 |
_12001#$aАлфавитный указатель _1700#1$aБеренштам$bМ.В.$gМихаил Вильямович$4220 _1701#1$aНовиков$bВ.Н.$4220 _tАлфавитный указатель _aБеренштам, Михаил Вильямович |
|
| 740 | 1 |
_aРоссия _tЗаконы и постановления _9412049 _3RU\NLR\AUTH\889957980 |
|
| 801 | 0 |
_aRU _bNLR _gpsbo |
|
| 801 | 1 |
_aRU _bProSoft-M _2rusmarc |
|
| 852 |
_aNLR _j65-1/1186 |
||
| 942 | _cBOOK | ||
| 980 | _aNB | ||